Gugurnya langit hijau nanga tiga

Bibliographic Details
Main Author: Jong Chian Lai
Format: Book
Published: Kuala Lumpur : DBP , 1990

MARC

LEADER 00000cam a2200000 7i4500
001 0000006306
002 000006809
005 20000330.0
020 |a 9836213341 
090 0 0 |a F   |b JON 
100 0 |a Jong Chian Lai 
245 1 0 |a Gugurnya langit hijau nanga tiga   |c Jong Chian Lai 
260 |a Kuala Lumpur :   |b DBP ,   |c 1990 
300 |a 221 p. ;   |c 18 cm. 
999 |a 039297   |b BUKU   |c FICTION   |e PERPUSTAKAAN KOMUNITI PETALING JAYA 
999 |a 039298   |b BUKU   |c PINJAMAN   |e PERPUSTAKAAN KOMUNITI PETALING JAYA